书目信息 |
| 题名: |
多边文化研究3
|
|
| 作者: | ;北大比较文学与比较文化研究所 编 | |
| 分册: | ||
| 出版信息: | 北京 北京大学 2005 |
|
| 页数: | 491页 | |
| 开本: | 19cm | |
| 丛书名: | 教育部北京大学211学术规划项目 | |
| 单 册: | ||
| 中图分类: | G04 | |
| 科图分类: | ||
| 主题词: | 传统文化 , 现代文化 , 传统文化--关系--现代文化 | |
| 电子资源: | ||
| ISBN: | 7-301-08730-6 | |
| 000 | 00793nam0 2200229 450 | |
| 001 | 0753865015 | |
| 005 | 20070818145745.01 | |
| 010 | @a7-301-08730-6@d¥32.00 | |
| 100 | @a20070818d km y0chiy0120 ea | |
| 101 | 0 | @achi |
| 200 | 1 | @a多边文化研究3@Aduo bian wen hua yan jiu 3@f北大比较文学与比较文化研究所编@Fbei da bi jiao wen xue yu bi jiao wen hua yan jiu suo bian |
| 210 | @a北京@c北京大学@d2005 | |
| 215 | @a491页@d19cm | |
| 225 | 2 | @a教育部北京大学211学术规划项目 |
| 410 | 0 | @12001 @a教育部北京大学211学术规划项目 |
| 606 | 0 | @a传统文化 |
| 606 | 0 | @a现代文化 |
| 606 | 0 | @a传统文化@x关系@x现代文化 |
| 690 | @aG04@v3 | |
| 711 | 02 | @a北大比较文学与比较文化研究所@Abei da bi jiao wen xue yu bi jiao wen hua yan jiu suo@4编 |
| 801 | 0 | @aCN@bPFT@c20070818 |
| 905 | @a213230@dG04@ee26@f1 | |
| 多边文化研究3/北大比较文学与比较文化研究所编.-北京:北京大学,2005 |
| 491页;19cm.-(教育部北京大学211学术规划项目) |
| ISBN 7-301-08730-6:¥32.00 |
| ● |
| 相关链接 |
|
|
|
|
正题名:多边文化研究3
索取号:G04/e26
 
预约/预借
| 序号 | 登录号 | 条形码 | 馆藏地/架位号 | 状态 | 备注 |
| 1 | 6304087 | 263040872 | 教育系资料室/ [索取号:G04/e26] | 在馆 |